000 00381nam a22001457a 4500
999 _c15650
_d15650
003 OSt
008 190523b ||||| |||| 00| 0 eng d
020 _a9788126557325
082 _a637
_bTAM/ME
245 _aMechanisation and Automation in Dairy Technology
260 _aNew Delhi
_bWiley India Pvt.Ltd
_c2001
300 _a348 p.
700 _aTamime, Adnan Y.
_94138
942 _cBK